[Event "XVII Orsha-2019 Open"]
[Site "Orsha"]
[Date "2019.01.20"]
[Round "4.35"]
[White "Ivanov, Igor"]
[Black "Slesareva, Miraslava"]
[Result "1/2-1/2"]
[WhiteElo "2131"]
[BlackElo "1626"]
[PlyCount "248"]
[EventDate "2019.01.18"]
[EventType "swiss"]
[EventCountry "BLR"]
[TimeControl "5400+30"]

1. Nf3 c5 2. g3 Nc6 3. Bg2 g6 4. O-O Bg7 5. d3 e5 6. e4 Nge7 7. Nc3 d6 8. Nh4 h6 9. Kh1 Bf6 10. Nf3 Bg4 11. h3 Be6 12. a4 Bg7 13. Be3 Nd4 14. Ng1 g5 15. Nce2 f6 16. Ra3 Qb6 17. Qc1 Rc8 18. c3 Nxe2 19. Nxe2 Qc7 20. c4 Nc6 21. f4 Qd7 22. Kh2 b6 23. Nc3 Nd4 24. Qd1 Bf7 25. Ra1 a5 26. Nb5 Nxb5 27. axb5 Rb8 28. Qd2 Be6 29. Rf2 Rf8 30. Qe2 Kd8 31. Bd2 Kc7 32. b3 Ra8 33. Raf1 Rad8 34. Ra1 Ra8 35. Ra2 Ra7 36. Be3 Rfa8 37. Rf1 Kb7 38. Rfa1 Qc8 39. Ra4 Bd7 40. R1a3 Be6 41. Qa2 Qc7 42. Bd2 Kb8 43. Be3 Qe7 44. Qf2 Bc8 45. Ra2 Qc7 46. Qf3 Be6 47. Qh5 Qf7 48. Qd1 Qc7 49. Rf2 Qe7 50. Bf3 Kc7 51. Qa1 Kb8 52. Bg2 Qd7 53. Bd2 Qc7 54. Qd1 Qd7 55. Bc3 Qc7 56. Bf3 Qd7 57. Bg4 Qe7 58. Raa2 Qd7 59. Qf3 Bxg4 60. hxg4 Kb7 61. Rf1 Rh8 62. Kg2 Rf8 63. Rfa1 Rfa8 64. Rh1 Rf8 65. Rf2 Raa8 66. Ra2 Ra7 67. Rha1 Rfa8 68. Bd2 Qe7 69. Qd1 Kb8 70. Ra3 Qc7 71. Qh1 Qe7 72. Qh5 Qd7 73. R1a2 Qe7 74. Kf3 Qd7 75. Qg6 Qe7 76. Bc3 Qd7 77. Rh2 Kb7 78. Qh7 Kb8 79. Qg8+ Qc8 80. Qd5 Qd7 81. Raa2 Kc7 82. Raf2 Rf8 83. Ra2 Rfa8 84. Rh1 Kb8 85. Rha1 Bh8 86. Bd2 Bg7 87. Rh1 Kc7 88. Ra4 Kb8 89. Bc3 Kc7 90. Rh2 Kb8 91. Raa2 Bh8 92. Be1 Bg7 93. Bd2 Bh8 94. Qg8+ Kb7 95. Qg6 Bg7 96. Be1 Kb8 97. Qf5 Qe7 98. Bc3 Kb7 99. Ke3 Kb8 100. Rhf2 Rd7 101. Kd2 Rc7 102. Kc2 Rd7 103. fxg5 fxg5 104. Ra1 Qe8 105. Raf1 Raa7 106. Qf3 Rac7 107. Qe2 Kb7 108. Rf5 Re7 109. Bd2 Red7 110. Ra1 Kb8 111. Ra2 Ra7 112. Qh2 Re7 113. Ra1 Red7 114. Raf1 Re7 115. Qh5 Qxh5 116. gxh5 Kc8 117. Ra1 Kd8 118. Kd1 Ke8 119. Ke2 Rf7 120. Ra2 Rad7 121. Kf3 Ke7 122. Kg4 Ke6 123. Be3 Bf6 124. Raf2 Rc7 1/2-1/2

[Event "XVII Orsha-2019 Open"]
[Site "Orsha"]
[Date "2019.01.20"]
[Round "4.36"]
[White "Karas, Andrei"]
[Black "Loshakov, Dmitry"]
[Result "1-0"]
[WhiteElo "1422"]
[BlackElo "1852"]
[PlyCount "109"]
[EventDate "2019.01.18"]
[EventType "swiss"]
[EventCountry "BLR"]
[TimeControl "5400+30"]

1. c4 Nf6 2. g3 g6 3. Bg2 Bg7 4. Nc3 O-O 5. d3 d6 6. e4 e5 7. Nge2 Be6 8. O-O Qd7 9. Bg5 h6 10. Bd2 c6 11. Qc2 Bh3 12. Rab1 Bxg2 13. Kxg2 d5 14. b3 Na6 15. a3 Rad8 16. Rfd1 b6 17. Bc1 Nc5 18. exd5 cxd5 19. d4 exd4 20. Nxd4 dxc4 21. bxc4 Qb7+ 22. Kg1 Ng4 23. Be3 Rfe8 24. Nd5 Ne4 25. Ne2 Nef6 26. Nec3 Ne5 27. Nxf6+ Bxf6 28. Nd5 Bg7 29. Bf4 Nf3+ 30. Kg2 Nd4 31. Qc3 Ne2 32. Qf3 Kh8 33. Be3 Nc3 34. Nxc3 Qxf3+ 35. Kxf3 Bxc3 36. Bxh6 Bd4 37. Bg5 f6 38. Rxd4 fxg5 39. Rbd1 Rf8+ 40. Kg4 Rxd4+ 41. Rxd4 Rf5 42. Rd5 Rxd5 43. cxd5 Kg7 44. Kxg5 b5 45. Kf4 Kf6 46. Ke4 a5 47. Kd4 b4 48. axb4 axb4 49. Kc4 Ke5 50. d6 Kxd6 51. Kxb4 Kd5 52. f4 Ke4 53. Kc4 Kf3 54. Kd4 Kg2 55. g4 1-0

[Event "XVII Orsha-2019 Open"]
[Site "Orsha"]
[Date "2019.01.20"]
[Round "4.37"]
[White "Platnitski, Siarhei"]
[Black "Poghosyan, Sarmen"]
[Result "0-1"]
[WhiteElo "1383"]
[BlackElo "1361"]
[PlyCount "74"]
[EventDate "2019.01.18"]
[EventType "swiss"]
[EventCountry "BLR"]
[TimeControl "5400+30"]

1. c4 e6 2. g3 d5 3. Bg2 Nf6 4. Nf3 c5 5. cxd5 Nxd5 6. Nc3 Be7 7. O-O O-O 8. d3 Nc6 9. Bd2 Bf6 10. Rc1 b6 11. Qb3 Na5 12. Qc2 Nb4 13. Qb1 Bb7 14. Rfd1 Nac6 15. Ne4 Nd5 16. Nxf6+ Qxf6 17. b3 Nd4 18. Nxd4 cxd4 19. e4 dxe3 20. fxe3 Rac8 21. Rxc8 Rxc8 22. Rc1 Rd8 23. Rc4 h6 24. e4 b5 25. Rc1 Qd4+ 26. Kh1 Ne3 27. Bxe3 Qxe3 28. Rd1 b4 29. Qc2 Rc8 30. Qb1 Qd4 31. Rf1 Rc3 32. Rd1 Ba6 33. Bf1 Qf2 34. Rc1 Qf3+ 35. Bg2 Qxd3 36. Qb2 Qe2 37. Qxe2 Rxc1+ 0-1

[Event "XVII Orsha-2019 Open"]
[Site "Orsha"]
[Date "2019.01.20"]
[Round "4.38"]
[White "Shaban, Aliaksandra"]
[Black "Gusenkova, Karina"]
[Result "1/2-1/2"]
[WhiteElo "1482"]
[BlackElo "1642"]
[PlyCount "139"]
[EventDate "2019.01.18"]
[EventType "swiss"]
[EventCountry "BLR"]
[TimeControl "5400+30"]

1. e4 e5 2. Nf3 Nf6 3. d3 Nc6 4. g3 Bc5 5. Bg2 O-O 6. O-O d5 7. exd5 Nxd5 8. Re1 f6 9. a3 a5 10. Nfd2 Be6 11. Ne4 Ba7 12. Nbc3 Nxc3 13. Nxc3 Qd7 14. Ne4 Bg4 15. Bf3 Bxf3 16. Qxf3 Nd4 17. Qd1 f5 18. Nd2 f4 19. c3 fxg3 20. hxg3 Nc2 21. Qxc2 Bxf2+ 22. Kg2 Bxe1 23. Ne4 Qf5 24. Qe2 Rad8 25. Bg5 Rd7 26. Rxe1 h6 27. Bc1 Rdf7 28. Be3 Qg6 29. Bc5 Rd8 30. Rf1 Rfd7 31. Rf3 b6 32. Bg1 c5 33. Nf2 Qc6 34. Qxe5 Rf7 35. Qe4 Qxe4 36. Nxe4 Rxf3 37. Kxf3 Rxd3+ 38. Ke2 Rd7 39. Be3 Kf7 40. Nd2 Ke6 41. Nc4 Rb7 42. Bf4 g5 43. Be3 Kd5 44. Kd3 a4 45. Nd2 b5 46. Nf3 Rf7 47. Ke2 Re7 48. Nd2 Re6 49. Kd3 Re8 50. Nf3 Rf8 51. Nd2 Re8 52. g4 Rh8 53. Nf3 Rf8 54. Ke2 Re8 55. Nd2 Rh8 56. Kf3 Rf8+ 57. Ke2 Rh8 58. Nf1 h5 59. gxh5 Rxh5 60. Kf3 Rh3+ 61. Kg4 Rh1 62. Nd2 Ra1 63. Kxg5 Ra2 64. Kf4 Rxb2 65. Ne4 Rh2 66. Nxc5 Rh4+ 67. Kf3 Rh3+ 68. Kf4 Rxe3 69. Kxe3 Kxc5 70. Kd2 1/2-1/2

[Event "XVII Orsha-2019 Open"]
[Site "Orsha"]
[Date "2019.01.20"]
[Round "4.40"]
[White "Masterova, Daria"]
[Black "Borodulin, Pavel"]
[Result "1-0"]
[WhiteElo "1500"]
[BlackElo "1481"]
[PlyCount "87"]
[EventDate "2019.01.18"]
[EventType "swiss"]
[EventCountry "BLR"]
[TimeControl "5400+30"]

1. e4 c5 2. Nf3 d6 3. Nc3 Nc6 4. Bc4 Nf6 5. d4 cxd4 6. Nxd4 g6 7. Be3 Bg7 8. O-O O-O 9. Qd2 Nxe4 10. Bxf7+ Rxf7 11. Nxe4 Qb6 12. Nb3 Qb4 13. Ng5 Rf8 14. Qd5+ e6 15. Qd3 Bxb2 16. Rad1 Be5 17. Bd4 Bxd4 18. Nxd4 Nxd4 19. Qxd4 Qxd4 20. Rxd4 h6 21. Nf3 d5 22. Re1 Bd7 23. c4 Rf5 24. Ne5 Bc6 25. Nxc6 bxc6 26. Rxe6 Raf8 27. f3 Kf7 28. Rxc6 dxc4 29. Rdxc4 Ra5 30. Rf4+ Kg7 31. Rxf8 Kxf8 32. Rxg6 h5 33. Kf2 Rxa2+ 34. Kg3 Kf7 35. Rg5 a5 36. Rxh5 a4 37. Ra5 a3 38. h4 Ra1 39. Kf4 a2 40. g3 Kf6 41. h5 Kg7 42. g4 Kh6 43. Ra6+ Kg7 44. Kg5 1-0

[Event "XVII Orsha-2019 Open"]
[Site "Orsha"]
[Date "2019.01.20"]
[Round "5"]
[White "Fedorov, Alexei"]
[Black "Krylov, Ivan"]
[Result "1/2-1/2"]
[WhiteElo "2557"]
[BlackElo "2441"]
[Annotator "TA"]
[PlyCount "27"]
[EventDate "2019.01.18"]
[EventType "swiss"]
[EventCountry "BLR"]
[SourceTitle "playchess.com"]
[Source "ChessBase"]
[SourceQuality "1"]

{[%evp 24,27,0,-11,0,-14]} 1. e4 e6 2. d4 d5 3. Nc3 Bb4 4. e5 Ne7 5. a3 Bxc3+ 6. bxc3 c5 7. h4 Qc7 8. Nf3 $146 ({Predecessor:} 8. h5 h6 9. Nf3 {0-1 (40) Hansen,E (2616)-So,W (2822) chess.com INT 2017}) 8... b6 9. h5 h6 10. Bb5+ Bd7 11. Bd3 Bc8 ({Predecessor:} 11... Ba4 12. Bd2 Nd7 13. O-O a6 14. Re1 Bb5 15. Bxb5 axb5 16. Qe2 O-O 17. Qxb5 Ra5 18. Qe2 Ra4 19. g4 Rfa8 20. Bc1 cxd4 21. cxd4 {0-1 (40) Hansen,E (2616)-So,W (2822) chess.com INT 2017}) 12. Bb5+ Bd7 13. Bd3 Bc8 {C19: French: 3 Nc3 Bb4: Main line: 7 Nf3 and 7 a4} 14. Bb5+ 1/2-1/2

[Event "XVII Orsha-2019 Open"]
[Site "Orsha"]
[Date "2019.01.20"]
[Round "5"]
[White "Zabotin, Alexander"]
[Black "Vashchilov, Sergey"]
[Result "1-0"]
[WhiteElo "2484"]
[BlackElo "2134"]
[Annotator "TA"]
[PlyCount "86"]
[EventDate "2019.01.18"]
[EventType "swiss"]
[EventCountry "BLR"]
[SourceTitle "playchess.com"]
[Source "ChessBase"]
[SourceQuality "1"]

{[%evp 23,86,77,83,86,80,79,110,108,111,102,138,137,155,143,153,125,105,111,123,129,133,116,106,74,79,62,62,70,69,62,975,970,949,963,1090,1069,953,922,29986,1412,1285,1255,1239,1218,1326,675,662,661,638,631,717,710,634,675,689,674,690,652,661,644,775,771,870,854,904]} 1. d4 d5 2. c4 e6 3. Nc3 Nf6 4. Nf3 c6 5. e3 Nbd7 6. Bd3 dxc4 7. Bxc4 b5 8. Bd3 Bb7 9. e4 a6 10. e5 Nd5 11. Nxd5 cxd5 12. O-O Be7 {LiveBook: 25 Games} 13. Nd2 $146 {D47: Semi-Slav: Meran System} ({Predecessor:} 13. Bf4 O-O 14. g3 b4 15. h4 Bc6 16. Kg2 Bb5 17. Bxb5 axb5 18. Qd3 Qb6 19. Ng5 Bxg5 20. hxg5 Rfc8 {½-½ (49) Vorobiov,E (2564)-Voigt,M (2317) Lueneburg 2018}) 13... Qb6 14. Qg4 g6 15. Nf3 {White is better.} h6 16. h4 O-O-O 17. Bd2 a5 18. a3 Rdg8 19. b4 a4 20. Rac1+ Kb8 21. Rc5 Bc6 22. Qf4 $36 {[%mdl 2048] Keeping Black busy.} Rg7 23. Rfc1 (23. Rc3 {feels hotter.} g5 24. Qg3 Bb7 25. Rfc1 Bd8 26. Nh2) 23... Nxc5 24. dxc5 Qb7 25. Nd4 {[%cal Bf3d4,Bd4c6,Bc6a5,Ba5b7,Bb7d8][%mdl 32]} Ka8 26. Qg4 Qd7 $2 {[%mdl 8192] [#]} (26... g5 $14) 27. Bxb5 $1 $18 {[%mdl 512]} Bxb5 28. c6 Bxc6 29. Nxc6 {Black must now prevent Qd1.} Rc8 30. b5 Kb7 31. Qxa4 (31. Qd4 $142 Ra8 32. Ba5 Ra6 33. bxa6+ Ka8 34. Qb6 Rg8 35. Rb1 Bb4 36. Rxb4 Rh8 37. Qb7+ Qxb7 38. axb7#) 31... Ra8 {White is clearly winning.} 32. Na5+ Kb8 33. Rc6 Qb7 34. Be3 {[#] Rb6 is the strong threat.} Bd8 35. Nxb7 {Nd6! would kill now.} Rxa4 36. Nxd8 {White threatens Bc5 and mate.} d4 37. Bxh6 Rg8 38. Rd6 Rxa3 39. Rxd4 Rb3 40. Bg5 Rxb5 41. Bf6 Kc7 42. Nxf7 Ra8 43. Nh8 Kb7 {Accuracy: White = 66%, Black = 51%.} 1-0

[Event "XVII Orsha-2019 Open"]
[Site "Orsha"]
[Date "2019.01.20"]
[Round "5"]
[White "Zarubitski, Viachaslau"]
[Black "Grishchenko, Sergey"]
[Result "1/2-1/2"]
[WhiteElo "2415"]
[BlackElo "2409"]
[Annotator "TA"]
[PlyCount "46"]
[EventDate "2019.01.18"]
[EventType "swiss"]
[EventCountry "BLR"]
[SourceTitle "playchess.com"]
[Source "ChessBase"]
[SourceQuality "1"]

{[%evp 10,46,12,11,45,8,27,-22,32,23,31,-2,0,-10,-8,-22,-12,-13,-8,-29,-19,-28,-29,-32,-28,-35,-19,-54,-56,-56,-43,-70,-35,-95,-50,-73,-73,-71,-41]} 1. Nf3 d5 2. d4 Nf6 3. Bf4 e6 4. e3 Bd6 5. Bg3 Qe7 6. Nbd2 {LiveBook: 3 Games. D02: 1 d4 d5 2 Nf3 sidelines, including 2...Nf6 3 g3 and 2...Nf6 3 Bf4} Nc6 7. Bb5 Bd7 8. Bxd6 $146 {White has an edge.} ({Predecessor:} 8. c3 O-O 9. O-O a6 10. Bxc6 Bxc6 11. Re1 Bxg3 12. hxg3 {1-0 (72) Houska,J (2402)-Zimina,O (2421) Batumi 2018}) 8... Qxd6 (8... cxd6 $11 9. O-O O-O) 9. O-O O-O 10. Kh1 Qb4 11. Bxc6 Bxc6 12. Qc1 Nd7 13. b3 Qc3 14. Rd1 Bb5 15. Rb1 Be2 $36 {[%mdl 2048] Black is more active.} 16. Re1 Bxf3 17. Nxf3 c5 18. Rd1 cxd4 19. Rd3 Qa5 20. exd4 Rac8 21. Qb2 (21. c4 $15) 21... Rc7 22. Rc1 Rfc8 23. c3 Nf6 {Accuracy: White = 24%, Black = 45%.} 1/2-1/2

[Event "XVII Orsha-2019 Open"]
[Site "Orsha"]
[Date "2019.01.20"]
[Round "5"]
[White "Lazavik, Denis"]
[Black "Papunidi, Matvey"]
[Result "1/2-1/2"]
[WhiteElo "2296"]
[BlackElo "2113"]
[Annotator "ChessBase"]
[PlyCount "38"]
[EventDate "2019.01.18"]
[EventType "swiss"]
[EventCountry "BLR"]
[SourceTitle "playchess.com"]
[Source "ChessBase"]
[SourceQuality "1"]
[TimeControl "5400+30"]

1. d4 {[%emt 0:00:00]} Nf6 {[%emt 0:00:07]} 2. c4 {[%emt 0:00:13]} e6 {[%emt 0:00:14]} 3. Nf3 {[%emt 0:00:36]} Bb4+ {[%emt 0:00:08]} 4. Bd2 {[%emt 0:00:27]} c5 {[%emt 0:00:32]} 5. Bxb4 {[%emt 0:01:33]} cxb4 {[%emt 0:01:46]} 6. g3 {[%emt 0:00:30]} O-O {[%emt 0:01:27]} 7. Bg2 {[%emt 0:00:21]} d6 {[%emt 0:01:17]} 8. O-O {[%emt 0:00:42]} Nc6 {[%emt 0:00:15]} 9. Qd3 {[%emt 0:09:07]} e5 {[%emt 0:06:06]} 10. Nbd2 {[%emt 0:01:27]} Qe7 {[%emt 0:04:18]} 11. d5 {[%emt 0:11:53]} Nb8 {[%emt 0:05:37]} 12. e4 {[%emt 0:00:25]} Na6 {[%emt 0:01:12]} 13. a3 {[%emt 0:01:46]} Nd7 {[%emt 0:10:53]} 14. Nb3 {[%emt 0:06:23]} b6 {[%emt 0:04:30]} 15. Qd2 {[%emt 0:02:19]} Ndc5 {[%emt 0:01:48]} 16. Nxc5 {[%emt 0:00:14]} bxc5 {[%emt 0:00:45]} 17. Ne1 {[%emt 0:00:47]} Rb8 {[%emt 0:09:31]} 18. Nc2 {[%emt 0:00:25]} bxa3 {[%emt 0:07:03]} 19. bxa3 {[%emt 0:00:16]} Qc7 {[%emt 0:11:25]} 1/2-1/2

[Event "XVII Orsha-2019 Open"]
[Site "Orsha"]
[Date "2019.01.20"]
[Round "5"]
[White "Afonasieva, Anna"]
[Black "Moskalenko, Alexander"]
[Result "0-1"]
[WhiteElo "2265"]
[BlackElo "2517"]
[Annotator "TA"]
[PlyCount "72"]
[EventDate "2019.01.18"]
[EventType "swiss"]
[EventCountry "BLR"]
[SourceTitle "playchess.com"]
[Source "ChessBase"]
[SourceQuality "1"]

{[%evp 22,72,-8,-6,9,-8,0,0,-4,-23,0,0,-7,-23,-6,-16,-10,-16,-2,-6,0,-2,-16,-67,-50,-65,-63,-67,-53,-153,-159,-172,-168,-173,-150,-162,-161,-240,-245,-249,-230,-429,-415,-486,-487,-479,-477,-544,-531,-531,-476,-481,-481]} 1. d4 Nf6 2. Nf3 b6 3. c4 Bb7 4. g3 c5 5. Bg2 cxd4 6. O-O g6 7. Nxd4 Bxg2 8. Kxg2 Qc7 9. b3 Qb7+ 10. Kg1 Bg7 11. Bb2 {[%cal Bc1b2,Bb2c3,Bc3d2][%mdl 32]} O-O 12. Nc3 {LiveBook: 9 Games} Na6 {A30: Symmetrical English: Double Fianchetto and Hedgehog} (12... Rd8 13. Nf3 Na6 14. Nd5 Nxd5 15. Bxg7 Ne3 16. Qd2 Kxg7 17. Qxe3 d5 18. Rac1 Nc5 19. h4 h5 20. b4 {½-½ (48) Radjabov,T (2724)-Vachier Lagrave,M (2762) Dubai 2014}) 13. Qd2 $146 ({Predecessor:} 13. e3 Nc5 14. Qe2 Rfd8 15. Rfd1 a6 16. Rac1 e6 17. b4 Nce4 18. Nxe4 Nxe4 19. f3 Nd6 20. e4 Ne8 21. Kg2 d6 22. Nb3 Bh6 23. Rc2 Qc6 24. Bd4 Rab8 25. Qf2 e5 {½-½ (25) Kemper,M (2158)-Roeder,M (2407) Paderborn 2014}) 13... d5 14. cxd5 Nxd5 {The position is equal.} 15. Rad1 Nxc3 16. Bxc3 Nc5 17. f3 Rfd8 {aiming for ...e5.} 18. Qb2 Rac8 19. Nb5 Bh6 20. Bd2 Bg7 21. Bc3 Bf8 22. a4 (22. Qb1 $11) 22... a6 $36 {[%mdl 2048] Black has the initiative.} 23. Na3 Qc6 24. Bd4 Qd5 (24... Ne6 {feels hotter.} 25. Be3 Bg7 26. Rxd8+ Rxd8 27. Qc2 Qd6) 25. e4 ({Better is} 25. Kf2 $15) 25... Qxb3 $17 26. Qxb3 Nxb3 27. Bxb6 Rxd1 $1 28. Rxd1 e5 $1 29. Rd3 {[#]} (29. Nb1 {was necessary.}) 29... Nc1 $1 $19 {[%cal Rc1d3]} ({Inferior is} 29... Bxa3 30. Rxb3 Rb8 31. a5 $11) 30. Re3 Bh6 31. Re1 $2 {[#]} (31. f4 {was the only chance.}) 31... Rc3 $1 {[%csl LRa3,LRf3]} 32. f4 Nd3 {Black is clearly winning.} ({Worse is} 32... Rxa3 33. Rxc1 Rxa4 34. Rc8+ Kg7 35. Bc5 $11) 33. Ra1 Bf8 34. Nb1 Rc1+ 35. Kg2 Ne1+ 36. Kf2 {and the idea Be3 leaves White hopeful.} Nc2 {Accuracy: White = 23%, Black = 69%.} 0-1

[Event "XVII Orsha-2019 Open"]
[Site "Orsha"]
[Date "2019.01.20"]
[Round "5"]
[White "Siniauski, Artsiom"]
[Black "Mihajlovskij, Sergei"]
[Result "1-0"]
[WhiteElo "2182"]
[BlackElo "2406"]
[Annotator "ChessBase"]
[PlyCount "79"]
[EventDate "2019.01.18"]
[EventType "swiss"]
[EventCountry "BLR"]
[SourceTitle "playchess.com"]
[Source "ChessBase"]
[SourceQuality "1"]
[TimeControl "5400+30"]

1. e4 {[%emt 0:00:00]} e6 {[%emt 0:00:16]} 2. d4 {[%emt 0:00:00]} d5 {[%emt 0:00:02]} 3. Nc3 {[%emt 0:00:02]} Bb4 {[%emt 0:00:05]} 4. exd5 {[%emt 0:00:41]} exd5 {[%emt 0:00:06]} 5. Bd3 {[%emt 0:00:10]} Ne7 {[%emt 0:01:36]} 6. Nge2 {[%emt 0:00:29]} Bf5 {[%emt 0:01:43]} 7. Bf4 {[%emt 0:00:45]} O-O {[%emt 0:02:35]} 8. O-O {[%emt 0:02:38]} c6 {[%emt 0:01:38]} 9. Ng3 {[%emt 0:01:10]} Bg6 {[%emt 0:01:21]} 10. Nce2 {[%emt 0:03:24]} Re8 {[%emt 0:04:28]} 11. c3 {[%emt 0:05:55]} Ba5 {[%emt 0:03:23]} 12. h4 {[%emt 0:00:59]} Nd7 {[%emt 0:01:39]} 13. h5 {[%emt 0:00:32]} Bxd3 {[%emt 0:00:09]} 14. Qxd3 {[%emt 0:00:05]} Nf8 {[%emt 0:03:24]} 15. h6 {[%emt 0:11:29]} g6 {[%emt 0:02:09]} 16. Qf3 {[%emt 0:02:51]} Nc8 {[%emt 0:09:52]} 17. Rae1 {[%emt 0:16:32]} Nd6 {[%emt 0:04:23]} 18. Nc1 {[%emt 0:11:07]} Ne6 {[%emt 0:06:11]} 19. Be5 {[%emt 0:02:49]} f5 {[%emt 0:03:05]} 20. Bxd6 {[%emt 0:14:06]} Qxd6 {[%emt 0:00:08]} 21. Re5 {[%emt 0:00:17]} Ng5 {[%emt 0:03:19]} 22. Qe3 {[%emt 0:00:40]} Rxe5 {[%emt 0:00:52]} 23. dxe5 {[%emt 0:01:08]} Qe7 {[%emt 0:00:07]} 24. Nb3 {[%emt 0:02:09]} Bb6 {[%emt 0:01:23]} 25. Nd4 {[%emt 0:00:17]} Ne6 {[%emt 0:01:55]} 26. Qd2 {[%emt 0:00:31]} Bxd4 {[%emt 0:05:00]} 27. cxd4 {[%emt 0:00:08]} f4 {[%emt 0:00:02]} 28. Ne2 {[%emt 0:00:41]} f3 {[%emt 0:01:01]} 29. gxf3 {[%emt 0:02:16]} Rf8 {[%emt 0:00:18]} 30. Kg2 {[%emt 0:00:59]} Rf5 {[%emt 0:05:01]} 31. Rh1 {[%emt 0:01:22]} Qf7 {[%emt 0:03:06]} 32. Qe3 {[%emt 0:01:50]} Rg5+ {[%emt 0:07:00]} 33. Ng3 {[%emt 0:00:50]} Qf5 {[%emt 0:00:46]} 34. Rh4 {[%emt 0:00:35]} Qc2 {[%emt 0:04:24]} 35. Rf4 {[%emt 0:06:37]} Rf5 {[%emt 0:04:38]} 36. Nxf5 {[%emt 0:01:20]} gxf5 {[%emt 0:00:02]} 37. Rh4 {[%emt 0:00:05]} Kf7 {[%emt 0:00:14]} 38. Qa3 {[%emt 0:00:32]} Qc1 {[%emt 0:01:34]} 39. Qe3 {[%emt 0:00:22]} Qxb2 {[%emt 0:00:43]} 40. Qd3 {[%emt 0:00:14]} 1-0

[Event "XVII Orsha-2019 Open"]
[Site "Orsha"]
[Date "2019.01.20"]
[Round "5"]
[White "Silich, Yahor"]
[Black "Aliakbarov, Anar"]
[Result "1/2-1/2"]
[WhiteElo "2116"]
[BlackElo "2282"]
[Annotator "ChessBase"]
[PlyCount "71"]
[EventDate "2019.01.18"]
[EventType "swiss"]
[EventCountry "BLR"]
[SourceTitle "playchess.com"]
[Source "ChessBase"]
[SourceQuality "1"]
[TimeControl "5400+30"]

1. e4 {[%emt 0:00:00]} c5 {[%emt 0:00:57]} 2. Nf3 {[%emt 0:00:02]} Nc6 {[%emt 0:01:27]} 3. Bb5 {[%emt 0:00:47]} g6 {[%emt 0:00:06]} 4. O-O {[%emt 0:00:46]} Bg7 {[%emt 0:00:12]} 5. Re1 {[%emt 0:00:31]} e5 {[%emt 0:00:37]} 6. Bxc6 {[%emt 0:01:42]} dxc6 {[%emt 0:00:09]} 7. d3 {[%emt 0:00:08]} Qc7 {[%emt 0:01:39]} 8. Nbd2 {[%emt 0:00:46]} Nf6 {[%emt 0:00:28]} 9. Nc4 {[%emt 0:00:24]} Nd7 {[%emt 0:00:18]} 10. a3 {[%emt 0:00:11]} a5 {[%emt 0:02:35]} 11. Bd2 {[%emt 0:06:03]} a4 {[%emt 0:02:06]} 12. b4 {[%emt 0:04:27]} axb3 {[%emt 0:01:49]} 13. cxb3 {[%emt 0:00:17]} O-O {[%emt 0:00:19]} 14. Bc3 {[%emt 0:01:28]} Rd8 {[%emt 0:01:34]} 15. Qc2 {[%emt 0:00:49]} b5 {[%emt 0:02:55]} 16. Ne3 {[%emt 0:01:09]} Nf8 {[%emt 0:00:46]} 17. a4 {[%emt 0:01:08]} Ba6 {[%emt 0:14:26]} 18. axb5 {[%emt 0:05:07]} Bxb5 {[%emt 0:00:08]} 19. Rxa8 {[%emt 0:00:17]} Rxa8 {[%emt 0:00:05]} 20. Nd2 {[%emt 0:00:13]} Ne6 {[%emt 0:00:57]} 21. Ndc4 {[%emt 0:02:58]} Nd4 {[%emt 0:01:48]} 22. Qb2 {[%emt 0:10:39]} f6 {[%emt 0:12:40]} 23. h3 {[%emt 0:02:43]} Qb8 {[%emt 0:01:44]} 24. Rb1 {[%emt 0:07:41]} Bf8 {[%emt 0:01:10]} 25. Kf1 {[%emt 0:08:16]} Ra7 {[%emt 0:01:56]} 26. Ra1 {[%emt 0:06:23]} Rxa1+ {[%emt 0:01:34]} 27. Qxa1 {[%emt 0:00:12]} Nxb3 {[%emt 0:00:41]} 28. Qa2 {[%emt 0:00:25]} Bxc4 {[%emt 0:01:23]} 29. Nxc4 {[%emt 0:00:24]} Nc1 {[%emt 0:06:26]} 30. Qc2 {[%emt 0:01:27]} Nb3 {[%emt 0:02:02]} 31. Qa2 {[%emt 0:02:44]} Qb5 32. Ke1 Kh8 33. Qa8 Kg7 34. Qa2 Kh8 35. Kf1 Kg8 36. Bd4 1/2-1/2

[Event "XVII Orsha-2019 Open"]
[Site "Orsha"]
[Date "2019.01.20"]
[Round "5"]
[White "Strybuk, Artsiom I"]
[Black "Vorobjov, Pavel"]
[Result "1/2-1/2"]
[WhiteElo "2110"]
[BlackElo "2296"]
[Annotator "ChessBase"]
[PlyCount "73"]
[EventDate "2019.01.18"]
[EventType "swiss"]
[EventCountry "BLR"]
[SourceTitle "playchess.com"]
[Source "ChessBase"]
[SourceQuality "1"]
[TimeControl "5400+30"]

1. d4 {[%emt 0:00:25]} Nf6 {[%emt 0:00:00]} 2. c4 {[%emt 0:00:06]} g6 {[%emt 0:00:00]} 3. Nc3 {[%emt 0:01:08]} Bg7 {[%emt 0:00:00]} 4. e4 {[%emt 0:01:14]} d6 {[%emt 0:00:29]} 5. Nf3 {[%emt 0:01:04]} O-O {[%emt 0:00:16]} 6. Be2 {[%emt 0:00:19]} e5 {[%emt 0:00:29]} 7. Bg5 {[%emt 0:00:53]} c6 {[%emt 0:05:34]} 8. O-O {[%emt 0:07:58]} Nbd7 {[%emt 0:02:30]} 9. Qd2 {[%emt 0:06:31]} Re8 {[%emt 0:00:40]} 10. Rad1 {[%emt 0:02:55]} Qb6 {[%emt 0:03:40]} 11. d5 {[%emt 0:08:29]} cxd5 {[%emt 0:02:26]} 12. cxd5 {[%emt 0:05:35]} Nc5 {[%emt 0:02:23]} 13. Bxf6 {[%emt 0:03:51]} Bxf6 {[%emt 0:00:23]} 14. Qc2 {[%emt 0:00:31]} Bd7 {[%emt 0:01:41]} 15. Nd2 {[%emt 0:01:58]} Rac8 {[%emt 0:06:32]} 16. Nc4 {[%emt 0:07:50]} Qc7 {[%emt 0:00:39]} 17. a4 {[%emt 0:01:45]} Nxa4 {[%emt 0:07:26]} 18. Nxa4 {[%emt 0:00:28]} b5 {[%emt 0:00:15]} 19. b3 {[%emt 0:00:19]} bxa4 {[%emt 0:01:43]} 20. bxa4 {[%emt 0:00:11]} Qc5 {[%emt 0:03:00]} 21. Rb1 {[%emt 0:02:49]} Rc7 {[%emt 0:02:20]} 22. Qb3 {[%emt 0:05:15]} Be7 {[%emt 0:06:13]} 23. Qb4 {[%emt 0:05:40]} Qd4 {[%emt 0:03:14]} 24. Na5 {[%emt 0:02:19]} Bxa4 {[%emt 0:01:26]} 25. Bb5 {[%emt 0:08:23]} Bxb5 {[%emt 0:10:10]} 26. Qxb5 {[%emt 0:00:11]} Rec8 {[%emt 0:01:05]} 27. Rb4 {[%emt 0:01:52]} Qd2 {[%emt 0:03:16]} 28. Nc6 {[%emt 0:01:03]} f5 {[%emt 0:02:00]} 29. exf5 {[%emt 0:07:39]} gxf5 {[%emt 0:00:39]} 30. Rb2 {[%emt 0:00:07]} Qh6 {[%emt 0:02:18]} 31. Ra2 {[%emt 0:02:06]} Bf8 {[%emt 0:01:36]} 32. Rfa1 {[%emt 0:02:09]} Rg7 {[%emt 0:04:46]} 33. Rxa7 {[%emt 0:07:55]} Rxa7 {[%emt 0:00:10]} 34. Rxa7 {[%emt 0:00:13]} Qc1+ {[%emt 0:00:20]} 35. Qf1 {[%emt 0:00:02]} Qd2 {[%emt 0:00:19]} 36. g3 {[%emt 0:05:07]} Qxd5 37. Qh3 1/2-1/2